One Piece Top 60 Strongest Marines - Statistiques

Statistiques générales
  • Ce quiz a été pris 122 fois
  • Le résultat moyen est 23 sur 60
Statistiques - réponses
Hint Réponse % Correct
Instructor Monkey D. Garp
97%
Fleet Admiral Sakazuki
97%
Admiral Borsalino
94%
Former Admiral Kuzan
94%
Inspector General Sengoku
91%
Admiral Issho
89%
Former Fleet Admiral Kong
84%
Admiral Aramaki
83%
Captain Koby
81%
Vice Admiral Smoker
75%
Vice Admiral Tsuru
70%
Vice Admiral Momonga
56%
Vice Admiral Dalmatian
53%
Rear Admiral Hina
51%
Vice Admiral Bastille
46%
Vice Admiral Doberman
46%
Former Admiral Zephyr
45%
Vice Admiral Doll
44%
Vice Admiral John Giant
42%
Former Vice Admiral T. Bone
42%
Rear Admiral X Drake
42%
Vice Admiral Onigumo
39%
Former Undercover Vice Admiral Vergo
39%
Rear Admiral Prince Grus
38%
Vice Admiral Strawberry
37%
Former Vice Admiral Jaguar D. Sauro
36%
Captain of the Science Unit Sentomaru
36%
Vice Admiral Gion
35%
Commander Hibari
33%
Commissioned Officer Bogard
31%
Rear Admiral Kujaku
31%
Vice Admiral Lacroix
31%
Former Unknown Rank Soldier Monkey D. Dragon
30%
Vice Admiral Tokikake
29%
Vice Admiral Cancer
27%
Vice Admiral Maynard
27%
Vice Admiral Stainless
27%
Vice Admiral Bluegrass
26%
Vice Admiral Ronse
22%
Vice Admiral Yamakaji
22%
Vice Admiral Pomsky
20%
Vice Admiral Red King
20%
Vice Admiral Mozambia
18%
Vice Admiral Hound
17%
Vice Admiral Guillotine
16%
Bureau of Investigation Director Tensei
16%
Vice Admiral Tosa
16%
Vice Admiral Urban
16%
Vice Admiral Draw
15%
Vice Admiral Komir
15%
Vice Admiral Nazu Ketagari
15%
Vice Admiral Jonathan
10%
Former Vice Admiral Ain
8%
Former Vice Admiral Binz
8%
Vice Admiral Komei
7%
Unknown Rank Soldier Sspaden
7%
Vice Admiral Prody
6%
Rear Admiral Yukimura
6%
Unknown Rank Soldier Aksata Nain
4%
Former Commodore Shuzo
4%
Aucun quiz correspondant
Distribution des résultats
% des personnes avec chaque résultat
Percentile par nombre de réponses
Votre historique - résultats
Vous n’avez pas pris ce quiz